A la recherche du temps perdu
Guardat en:
| Autor principal: | |
|---|---|
| Format: | Llibre |
| Idioma: | francès |
| Publicat: |
París
Gallimard
1954
|
| Col·lecció: | Bibliothèque de la Pléiade
|
| Matèries: | |
| Etiquetes: |
Afegir etiqueta
Sense etiquetes, Sigues el primer a etiquetar aquest registre!
|
MARC
| LEADER | 00000nam a2200000 a 4500 | ||
|---|---|---|---|
| 001 | UCO5428 | ||
| 003 | CL-VaPUC | ||
| 008 | 000901e19540000FR |||||||||||||||||fre|d | ||
| 082 | 0 | 4 | |a 843 |b PRO |2 21 |
| 100 | 0 | |a Proust, Marcel |e author |9 316221 | |
| 245 | 1 | 0 | |a A la recherche du temps perdu |
| 300 | |a 3 v | ||
| 942 | |c BK | ||
| 945 | |d 20000901 00:00:00 |a crobeson | ||
| 260 | |a París |b Gallimard |c 1954 | ||
| 500 | |a v.1: Du coté de Chez Swann. A l'omme des jeunes files en fleurs | ||
| 650 | 0 | |a Novela francesa |9 264985 | |
| 650 | 0 | |a Literatura francesa |9 266330 | |
| 583 | |a last modification |c 20000901 00:00:00 |k Rodrigo Vera | ||
| 490 | 0 | |a Bibliothèque de la Pléiade | |
| 999 | |c 291288 |d 291286 | ||
| 952 | |0 0 |1 0 |2 ddc |4 0 |6 843_000000000000000_PRO_1954 |7 0 |8 A |9 341098 |a BIBART |b BIBART |d 2019-11-20 |h v.1 |i 1220225 |o 843 PRO 1954 |p 1220225 |r 2025-03-13 |w 2019-11-20 |y BK |k ART | ||